Online Catalogue and eLibrary

The Dutch power in Ceylon : (Record no. 3456)

MARC details
000 -LEADER
fixed length control field 00462nam a2200157Ia 4500
005 - DATE AND TIME OF LATEST TRANSACTION
control field 20250307002903.0
008 - FIXED-LENGTH DATA ELEMENTS--GENERAL INFORMATION
fixed length control field 240331s9999 xx 000 0 und d
020 ## - INTERNATIONAL STANDARD BOOK NUMBER
ISBN 700700285
082 ## - DDC Classification
Item Number - Author Mark DUT
Class No. 954
245 #4 - TITLE STATEMENT
Title The Dutch power in Ceylon :
Remainder of title 1602-1670
260 ## - PUBLICATION, DISTRIBUTION, ETC.
Place of publication, distribution, etc. London & New york
Name of publisher, distributor, etc. Curzon press Ltd & Harper and Row publishers Inc
Date of publication, distribution, etc. 1973
300 ## - PHYSICAL DESCRIPTION
Extent (e.g. Volumes, Pages etc.) XI, 292 p .,
500 ## - GENERAL NOTE
General note Ceylon the portuguese Era
700 ## - ADDED ENTRY--PERSONAL NAME
Personal name Pieris, P.E.
Relator term (Role) Editor
942 ## - Koha item type (Biblio)
Koha item type Books in Stacks (Lending)
Holdings
Lost status Damaged status Collection code Home library Current library Shelving location Date acquired Full call number Accession Number Item type
    Lending WERC Library WERC Library Social Science Cupboard 03/31/2024 954.93 DUT 18 Books in Stacks (Lending)

© WERC Library